Score 0/40 Timer 05:00
9 Plays Today
% Correct
Paraguay
90.5%
Chile
90.3%
Uruguay
89.5%
Iran
88.6%
Bolivia
88.5%
Brazil
88.2%
Libya
85.8%
Mali
85.7%
Niger
85.5%
Morocco
84.9%
Mauritania
84.9%
DRC
83.5%
Hungary
83.4%
Czechia
83.4%
Slovakia
82.8%
Tunisia
82.8%
Slovenia
82.3%
Zambia
81.8%
Turkmenistan
81.8%
Namibia
81.2%
% Correct
Pakistan
80.5%
Tajikistan
80.2%
France
79.6%
Uzbekistan
77.8%
North Macedonia
77.8%
Spain
77.4%
Switzerland
77.4%
Greece
77.4%
Kosovo
77.2%
Montenegro
76.9%
Russia
76.4%
Georgia
75.8%
Turkey
74.5%
Azerbaijan
67.6%
Armenia
65.1%
Liechtenstein
64.5%
Germany
63.9%
Italy
59.1%
China
49.4%
Rep. Congo
33.3%
Remove Ads.
Support Sporcle.
Get the best of Sporcle when you Go Orange. This ad-free experience offers more features, more stats, and more fun while also helping to support Sporcle. Thank you for becoming a member.

You're not logged in!

Compare scores with friends on all Sporcle quizzes.
OR
Log In

Sporcle TV

Today on Sporcle TV


Watch our educational content, quiz creation guides, and fun videos on Sporcle TV.

Show Comments

Extras

Top Quizzes Today


Score Distribution

Paid Content

Your Account Isn't Verified!

In order to create a playlist on Sporcle, you need to verify the email address you used during registration. Go to your Sporcle Settings to finish the process.

Report this User

Report this user for behavior that violates our Community Guidelines.

Details: